Statistics for US States Backwards

Click here to take the quiz!

General Stats

  • This quiz has been taken 12 times
  • The average score is 27 of 50

Answer Stats

Answer% Correct
Amabala
91%
Eniam
91%
Awoi
82%
Sasnak
82%
Adirolf
73%
Aksala
73%
Anozira
73%
Nogero
73%
Notgnihsaw
73%
Ohadi
73%
Sasnakra
73%
Adaven
64%
Aigroeg
64%
Anatnom
64%
Dnalyram
64%
Hatu
64%
Iiawah
64%
Kroy wen
64%
Odaroloc
64%
Tnomrev
64%
Ainrofilac
55%
Eraweled
55%
Gnimoyw
55%
Ocixem wen
55%
Oiho
55%
Saxet
55%
Sionilli
55%
Tucitcennoc
55%
Yesrej wen
55%
Ykcutnek
55%
Aksarben
45%
Atokad Htron
45%
Atokad htuos
45%
Atosennim
45%
Eessennet
45%
Iruossim
45%
Nagihcim
45%
Nisnocsiw
45%
Ainigriv
36%
Anaidni
36%
Anilorac htron
36%
Dnalsi edohr
36%
Ainavlysnnep
27%
Ainigriv tsew
27%
Amohalko
27%
Anaisiuol
27%
Anilorac htuos
27%
Erihspmah wen
27%
Ippississim
27%
Sttesuhcassam
18%

Score Distribution

Percentile by Number Answered

Percent of People with Each Score

Your Score History

You have not taken this quiz